Precalculus : (Record no. 305)

MARC details
000 -LEADER
fixed length control field 01297nam a22003737a 4500
001 - CONTROL NUMBER
control field 12924215
005 - DATE AND TIME OF LATEST TRANSACTION
control field 20230502145812.0
008 - FIXED-LENGTH DATA ELEMENTS--GENERAL INFORMATION
fixed length control field 230502b |||||||| |||| 00| 0 eng d
010 ## - LIBRARY OF CONGRESS CONTROL NUMBER
LC control number 2002512225
020 ## - INTERNATIONAL STANDARD BOOK NUMBER
International Standard Book Number 9780321575388 hbk)
020 ## - INTERNATIONAL STANDARD BOOK NUMBER
International Standard Book Number 0321575385 (hbk)
035 ## - SYSTEM CONTROL NUMBER
System control number (OCoLC)ocm50211792
040 ## - CATALOGING SOURCE
Original cataloging agency JSY
Transcribing agency KMU
Modifying agency KMU
Description conventions rda
042 ## - AUTHENTICATION CODE
Authentication code lccopycat
050 00 - LIBRARY OF CONGRESS CALL NUMBER
Classification number QA154.3
Item number .P78 2001
100 ## - MAIN ENTRY--PERSONAL NAME
Personal name Blitzer,Robert
245 00 - TITLE STATEMENT
Title Precalculus :
Remainder of title Instructior's edition
Statement of responsibility, etc. Robert Blitzer.
260 ## - PUBLICATION, DISTRIBUTION, ETC.
Place of publication, distribution, etc. New Jersey:
Name of publisher, distributor, etc. Pearson education Inc,
Date of publication, distribution, etc. c2001.
300 ## - PHYSICAL DESCRIPTION
Extent xvii, 1058 p. :
Other physical details ill. (Includes CD);
Dimensions 22 cm.
500 ## - GENERAL NOTE
General note Includes index,questions and answers and appendix
650 #0 - SUBJECT ADDED ENTRY--TOPICAL TERM
Topical term or geographic name entry element Algebra
Form subdivision Problems, exercises, etc.
650 #0 - SUBJECT ADDED ENTRY--TOPICAL TERM
Topical term or geographic name entry element Algebra
Form subdivision Outlines, syllabic
650 #0 - SUBJECT ADDED ENTRY--TOPICAL TERM
Topical term or geographic name entry element Trigonometry
Form subdivision Problems, exercises, etc.
650 #0 - SUBJECT ADDED ENTRY--TOPICAL TERM
Topical term or geographic name entry element Trigonometry
Form subdivision Outlines, syllabi, etc.
650 #0 - SUBJECT ADDED ENTRY--TOPICAL TERM
Topical term or geographic name entry element Functions and graphs
650 #0 - SUBJECT ADDED ENTRY--TOPICAL TERM
Topical term or geographic name entry element Systems and equations
650 #0 - SUBJECT ADDED ENTRY--TOPICAL TERM
Topical term or geographic name entry element probability
650 #0 - SUBJECT ADDED ENTRY--TOPICAL TERM
Topical term or geographic name entry element polynomial and rational functions
650 #0 - SUBJECT ADDED ENTRY--TOPICAL TERM
Form subdivision matrices and Determinants
650 #0 - SUBJECT ADDED ENTRY--TOPICAL TERM
Topical term or geographic name entry element Exponential and logarithmic
856 42 - ELECTRONIC LOCATION AND ACCESS
Materials specified Publisher description
Uniform Resource Identifier <a href="http://www.loc.gov/catdir/description/mh031/2002512225.html">http://www.loc.gov/catdir/description/mh031/2002512225.html</a>
906 ## - LOCAL DATA ELEMENT F, LDF (RLIN)
a 7
b cbc
c copycat
d 3
e ncip
f 20
g y-gencatlg
942 ## - ADDED ENTRY ELEMENTS (KOHA)
Source of classification or shelving scheme Library of Congress Classification
Koha item type Non-Fiction
Suppress in OPAC No
Holdings
Withdrawn status Lost status Source of classification or shelving scheme Damaged status Not for loan Collection Home library Current library Shelving location Date acquired Source of acquisition Total Checkouts Full call number Barcode Date last seen Date last checked out Price effective from Koha item type
    Library of Congress Classification     Non-fiction Kapasa Makasa University Kapasa Makasa University Open Access 02.05.2023 Zambia Library Service 1 QA 154.3 Bli 300137 03.05.2023 03.05.2023 02.05.2023 Non-Fiction
    Library of Congress Classification     Non-fiction Kapasa Makasa University Kapasa Makasa University Open Access 02.05.2023     QA154.3 Bli 300132 02.05.2023   02.05.2023 Non-Fiction
    Library of Congress Classification     Non-fiction Kapasa Makasa University Kapasa Makasa University Open Access 02.05.2023   1 QA154.3 Bli 300135 25.06.2025 10.06.2025 02.05.2023 Non-Fiction
    Library of Congress Classification     Non-fiction Kapasa Makasa University Kapasa Makasa University Open Access 02.05.2023     QA154.3 Bli 300138 02.05.2023   02.05.2023 Non-Fiction
    Library of Congress Classification     Non-fiction Kapasa Makasa University Kapasa Makasa University Open Access 02.05.2023     QA154.3 Bli 300136 02.05.2023   02.05.2023 Non-Fiction
    Library of Congress Classification     Non-fiction Kapasa Makasa University Kapasa Makasa University Open Access 02.05.2023   1 QA154.3 Bli 300133 15.07.2025 01.07.2025 02.05.2023 Non-Fiction
    Library of Congress Classification     Non-fiction Kapasa Makasa University Kapasa Makasa University Open Access 02.05.2023   1 QA154.3 Bli 300134 10.07.2024 24.06.2024 02.05.2023 Non-Fiction